000 00282nam a22001217a 4500
008 260409b |||||||| |||| 00| 0 eng d
040 _aRCL
082 _a657 G98A
100 _aGupta,R.L.
245 _aAdvanced Accountancy
260 _aNew Delhi
_bSultan Chand
_c1984
942 _cBK
999 _c48152
_d48152